Náklady a ich zobrazenie v účtovníctve rozpočtových organizácií

Vymedzenie pojmu náklad podľa právnej úpravy Zákona o účtovníctve č. 431/2002 Z.z. Účtovanie nákladov rozpočtových organizácií. Ilustračný učtovný prípad.

Enregistré dans:
Détails bibliographiques
Auteur principal: Kovalčíková, Antónia
Format: Chapitre de livre
Langue:slovaque
Sujets:
Tags: Ajouter un tag
Pas de tags, Soyez le premier à ajouter un tag!

MARC

LEADER 00000naa$a2200000$$$4500
001 0092831
005 20240502072033.0
041 0 |a slo 
044 |a SK 
245 1 0 |a Náklady a ich zobrazenie v účtovníctve rozpočtových organizácií  |c Antónia Kovalčíková 
520 |a Vymedzenie pojmu náklad podľa právnej úpravy Zákona o účtovníctve č. 431/2002 Z.z. Účtovanie nákladov rozpočtových organizácií. Ilustračný učtovný prípad. 
610 2 0 |a náklady 
610 2 0 |a účtovníctvo 
610 2 0 |a organizácie rozpočtové 
610 2 0 |a prostriedky peňažné 
100 1 |a Kovalčíková, Antónia